Muslim Politics In Bengal Legislative Perspective/ (Record no. 211180)

MARC details
000 -LEADER
fixed length control field 00587nam a22001697a 4500
010 ## - LCCN (DPL NO)
LC control number ENG-144812
020 ## - INTERNATIONAL STANDARD BOOK NUMBER
International Standard Book Number 9789384566234
Terms of availability 1500.00
035 ## - SYSTEM CONTROL NUMBER
System control number EN-128344
037 ## - SOURCE OF ACQUISITION
Source of stock number/acquisition DBAD
082 ## - DEWEY DECIMAL CLASSIFICATION NUMBER
Classification number 320.95954
245 ## - TITLE STATEMENT
Title Muslim Politics In Bengal Legislative Perspective/
Statement of responsibility, etc Edited by Snehangshu Bhattacharjee
260 ## - PUBLICATION, DISTRIBUTION, ETC. (IMPRINT)
Place of publication, distribution, etc Kolkata
Name of publisher, distributor, etc Institute of Social and Cultural Studies
Date of publication, distribution, etc 23 Jan 2019
270 ## - ADDRESS
Address 48/2, Dr. Suresh Sarkar Road,
City Kolkata,
Postal code 700014
Telephone number 033-65339003
Electronic mail address iscskol@gmail.com
300 ## - PHYSICAL DESCRIPTION
Extent 684p.
Dimensions 24cm.(HB)
490 ## - SERIES STATEMENT
Volume number/sequential designation 1
942 ## - ADDED ENTRY ELEMENTS (KOHA)
Source of classification or shelving scheme Dewey Decimal Classification
Item type English Books
Classification part 320.95954
Call number suffix Bha
Holdings
Withdrawn status Lost status Not for loan Collection code Home library Current library Date acquired Source of acquisition Cost, normal purchase price Full call number Barcode Copy number Cost, replacement price Koha item type
      Non-fiction Ashok Vihar Ashok Vihar 07/05/2025 DBAD 1500.00 320.95954 Bha EN-128344 1 1500.00 English Books

© Delhi Public Library
Hit Counter
free hit counter